000 00630nam a2200157Ia 4500
003 GCL
008 140319s9999 xx 000 0 ara d
040 _aGCL /
_cGCL
082 0 4 _a923.1
_bم م
245 1 0 _aملف الملك سعود بن عبدالعزيز وجهوده من اجل القضية الفلسطينية
260 _aالقاهرة :
_bمركز الاهرام للتنظيم وتكنولوجيا المعلومات ،
_c2001
300 _a51 ص ؛
_c40 سم
650 0 4 _aالملوك السعوديون - تراجم
650 0 4 _aسعود بن عبدالعزيز - مقالات ومحاضرات
942 _2ddc
_cBK
999 _c5695
_d5695